LEADER 01432nam0 22003853i 450 001 TO01222704 005 20231121125844.0 100 $a20041026d1960 ||||0itac50 ba 101 | $aita 102 $ait 181 1$6z01$ai $bxxxe 182 1$6z01$an 200 1 $a˜Le œtappe dell'astronomia$fPaul Couderc 205 $a3. ed 210 $aMilano$cGarzanti$d1960 215 $a121 p.$d18 cm 225 | $aSaper tutto$v29 300 $aTrad. di Armando Silvestri 300 $aGià pubblicato (in prima edizione) nella prima serie di questa collana, col n. 25 410 0$1001MIL0043682$12001 $aSaper tutto$v29 500 10$a˜Les œétapes de l'astronomie$3RAV0136703$9RAVV009216$9449599 606 $aAstronomia$2FIR$3RMLC062637$9I 676 $a520$9Astronomia$v21 700 1$aCouderc$b, Paul$3RAVV009216$4070$040355 702 1$aSilvestri$b, Armando$3SBLV082727 790 1$aSilvestri$b, Armando$3RMLV251399$zSilvestri, Armando 801 3$aIT$bIT-01$c20041026 850 $aIT-RM0289 $aIT-FR0017 899 $aBiblioteca Statale A. Baldini$bRM0289 899 $aBiblioteca umanistica Giorgio Aprea$bFR0017 $eN 912 $aTO01222704 950 0$aBiblioteca umanistica Giorgio Aprea$d 52DOB 677$e 52FLS0000366635 VMB RS $fA $h20181122$i20181122 977 $a 04$a 52 996 $aETAPES DE L'ASTRONOMIE$9449599 997 $aUNICAS LEADER 01241nam0 22003131i 450 001 RML0263930 005 20231121125721.0 010 $a0817641688 100 $a20121121d2003 ||||0itac50 ba 101 | $aeng 102 $aus 181 1$6z01$ai $bxxxe 182 1$6z01$an 200 1 $aTheory and applications of long-range dependence$fPaul Doukhan, George Oppenheim and Murad S. Taqqu, editors 210 $aBoston $cBirkhäuser $d©2003 215 $aX, 719 p.$d26 cm. 606 $aSerie temporali$xMoto Browniano$2FIR$3RMLC380754$9I 676 $a519.5$9$v20 700 1$aDoukhan$b, Paul$3RMLV169185$0441999 701 1$aTaqqu$b, Murad S.$c $3RMLV153493$0267310 701 1$aOppenheim$b, George$3RMLV169184$0267309 801 3$aIT$bIT-01$c20121121 850 $aIT-FR0098 899 $aBiblioteca Area Giuridico Economica$bFR0098 912 $aRML0263930 950 0$aBiblioteca Area Giuridico Economica$d 53TER 519.5/21$e 53VM 0000341495 VM barcode:ECO013368. - Inventario:5768. - Fondo:Sala consultazioneVM$fA $h20030709$i20121204 977 $a 53 996 $aTheory and applications of long-range dependence$93624269 997 $aUNICAS